Διερεύνηση συνάφειας μεταξύ συναισθηματικής νοημοσύνης και παθολογικής χρήσης του διαδικτύου σε σχέση με το βαθμό χρήσης του διαδικτύου : διπλωματική εργασία [μεταπτυχιακή εργασία]

Αποθηκεύτηκε σε:
Λεπτομέρειες βιβλιογραφικής εγγραφής
Κύριος συγγραφέας: Μιχάλη, Αργυρώ
Συγγραφή απο Οργανισμό/Αρχή: Πανεπιστήμιο Αιγαίου Σχολή Ανθρωπιστικών Επιστημών Τμήμα Επιστημών της Προσχολικής Αγωγής και του Εκπαιδευτικού Σχεδιασμού Πρόγραμμα Μεταπτυχιακών Σπουδών Φύλο και Νέα Εκπαιδευτικά και Εργασιακά Περιβάλλοντα στην Κοινωνία της Πληροφορίας
Άλλοι συγγραφείς: Ρούσσος, Πέτρος Λ. (Εισηγητής διατριβής)
Μορφή: Thesis Βιβλίο
Γλώσσα:Greek
Δημοσίευση: 2011
Θέματα:
Διαθέσιμο Online:http://hdl.handle.net/11610/13854
Ετικέτες: Προσθήκη ετικέτας
Δεν υπάρχουν, Καταχωρήστε ετικέτα πρώτοι!

MARC

LEADER 00000cam a2200000 i 4500
001 1/14833
008 110901s2011 gre d
035 |l 10110732 
040 |a GR-MY-UA  |b gre  |e aacr 
041 0 |a gre 
082 0 |a 004.67  |2 (22) 
100 1 |a Μιχάλη, Αργυρώ. 
245 1 0 |a Διερεύνηση συνάφειας μεταξύ συναισθηματικής νοημοσύνης και παθολογικής χρήσης του διαδικτύου σε σχέση με το βαθμό χρήσης του διαδικτύου :  |b διπλωματική εργασία [μεταπτυχιακή εργασία] /  |c Μιχάλη Αργυρώ ; επιβλέπων: Πέτρος Ρούσσος 
260 |c 2011 
300 |a 105 σ.;  |b πιν.;  |c 30 εκ. 
500 |a Μέλη εξεταστικής επιτροπής: Ι. Τσαούσης, Χ. Παπαηλιού 
502 |a Διατριβή (μεταπτυχιακή) – Πανεπιστήμιο Αιγαίου, Ρόδος, 2011. 
504 |a Βιβλιογραφία: σ. 83-92 
650 0 0 |a Internet  |x Security measures. 
650 0 0 |a Computer networks  |x Security measures. 
650 0 0 |a Emotional intelligence. 
650 0 0 |a Emotions and cognition. 
650 0 0 |a Dissertations, Academic  |z Greece. 
700 1 |a Ρούσσος, Πέτρος Λ.  |4 ths 
710 1 |a Πανεπιστήμιο Αιγαίου   |b Σχολή Ανθρωπιστικών Επιστημών   |b Τμήμα Επιστημών της Προσχολικής Αγωγής και του Εκπαιδευτικού Σχεδιασμού   |b Πρόγραμμα Μεταπτυχιακών Σπουδών Φύλο και Νέα Εκπαιδευτικά και Εργασιακά Περιβάλλοντα στην Κοινωνία της Πληροφορίας. 
852 |a INST  |b RHODES  |c DIATR  |e 20110901  |h 004.67 ΜΙΧ  |p 005400033268  |q 005400033268  |t MTXE  |y 23 
852 |a INST  |b RHODES  |c DIATR  |e 20110901  |h 004.67 ΜΙΧ  |p 005400033496  |q 005400033496  |t MTXE  |y 23 
856 |u http://hdl.handle.net/11610/13854 
901 |a BIBL4-2011-3 
909 |a Ρ  |b 164006 
909 |a Ρ  |b 164007 
924 |a ΜΙΧΑΛΗ  |b ΑΡΓΥΡΩ  |y ΡΟΔΟΣ  |z 2011-09 
970 |z 2010/05/